|
|
|
|
| LEADER |
01098nam a2200205 u 4500 |
| 001 |
10045575 |
| 003 |
GR-PaULI |
| 005 |
20220117152745.0 |
| 008 |
021119s1927 gr 0 eng |
| 952 |
|
|
|0 0
|1 0
|2 ddc
|4 0
|6 301_000000000000000_ΘΕΛ
|7 0
|9 354507
|a LISP
|b LISP
|c DON
|d 2022-01-17
|e ΠΑΤ
|i 146266
|l 0
|o 301 ΘΕΛ
|p 025000272548
|r 2022-01-17 00:00:00
|t 1
|w 2022-01-17
|y BKN
|
| 999 |
|
|
|c 207820
|d 207820
|
| 040 |
|
|
|a GR-PaULI
|c GR-PaULI
|b gre
|e AACR2
|
| 082 |
0 |
4 |
|a 301
|2 23
|
| 245 |
0 |
0 |
|a Θέλω :
|b αφήσατε το συγχρονισμένον πνεύμα διοικήσεως και διοικητικών κατευθύνσεων να αναλάβη την διαχείρισιν των κοινών δια να σωθή ο τόπος από την επερχόμενην συμφοράν της αποσυνθέσεως /
|c υπό Χ.
|
| 260 |
|
|
|a Εν Αθήναις :
|b [χ.ό.],
|c 1927.
|
| 300 |
|
|
|a 65 σ. ;
|b
|c 29 εκ.
|
| 500 |
|
|
|a Το παρόν βιβλίο είναι φωτοτυπημένο.
|
| 650 |
|
4 |
|9 76
|a Κοινωνιολογία
|
| 942 |
|
|
|2 ddc
|c BKN
|
| 998 |
|
|
|c ΜΠΟΥΡΑΣ
|d 2022-01
|